| 000 | 00628nam a2200217Ia 4500 | ||
|---|---|---|---|
| 008 | 160319s9999 xx 000 0 und d | ||
| 020 | _a971-691-308-7 | ||
| 050 | _aFIL KPM 988 | ||
| 050 | _b.R63 2004 | ||
| 100 | _aRodriguez, Rufus B. | ||
| 245 | _aComprehensive agrarian reform law annotated / | ||
| 245 | _cRufus B. Rodriguez. | ||
| 260 | _aQuezon City: | ||
| 260 | _bCentral Professional Books, Inc., | ||
| 260 | _c2004 | ||
| 300 | _a350 pages : | ||
| 300 | _billustrations ; | ||
| 300 | _c23 cm. | ||
| 650 | _aLand reform -- Law and legislation -- Philippines. | ||
| 650 | _xPhilippines, Republic Act 6657. | ||
| 999 |
_c291548 _d291548 |
||